El jugador

Guardat en:
Dades bibliogràfiques
Autor principal: Dostoyevski, Fedor
Format: Llibre
Idioma:Undetermined
Publicat: Barcelona, España Editorial Campos 1968
Matèries:
Etiquetes: Afegir etiqueta
Sense etiquetes, Sigues el primer a etiquetar aquest registre!

MARC

LEADER 00000nam a2200000Ia 4500
008 170316s9999 xx 000 0 und d
040 |a cru BVZT 
090 |a 891 D-2j 
100 |a Dostoyevski, Fedor 
245 |a El jugador 
260 |a Barcelona, España 
260 |b Editorial Campos 
260 |c 1968 
300 |a 166 páginas 
650 |a LITERATURA RUSA 
999 |c 12031  |d 12031 
942 |c 15 D  |h 891 D-2j  |2 z